LEADER 01087nam a2200241 i 4500 001 000000148384 003 CaOOAMICUS 005 20060302000000.0 008 060302s1939 it u000 u ita u 013 $a125699 040 $aSeMil$bita 100 1 $aBondioli, Pio <1890-1958>.$0(OLS)http://semarc/name/12458 245 10$aArte e Storia in Santa Maria di Piazza a Busto Arsizio /$cPio Bondioli ; Prefazione di Luigi Milani. 260 $aBusto Arsizio :$bMilani & Nipoti,$c1939. 300 $a119 p., [25] c. di tav. :$bill. ;$c31 cm + [2] c. di tav. ripiegate. 500 $aContiene : Bibliografia. 650 4$aBusto Arsizio - Chiese - Santa Maria di Piazza.$0(OLS)http://semarc/subject/44843 700 1 $aMilani, Luigi.$0(OLS)http://semarc/name/37793 850 $aSeMil 852 $aSeMil$W1$xVenegono$y1$m3P V 4$j100773$B100773$CSeMilBibl$Z2$F110554 $81 961 $aOmaggio: Altro 996 $6245$aArte e Storia in Santa Maria di Piazza a Busto Arsizio$9(OLS)http://semarc/title/216874 996 $6260$aBusto Arsizio :$bMilani & Nipoti$9(OLS)http://semarc/publisher/47825 LEADER 00861nam a2200217 i 4500 001 000000161926 003 CaOOAMICUS 005 20220708144555.0 008 070601n it u000 u ita u 013 $a139290 040 $aSeMil$bita 100 1 $aPalmieri, Enzo.$0(OLS)http://semarc/name/8242 245 10$aGiovanni Papini :$bInterpretazioni del mio tempo 1. /$cEnzo Palmieri. 264 1$aFirenze :$bVallecchi,$c[19--?] 300 $a310 p., [1] c. di tav. ;$c19 cm. 600 14$aPapini, Giovanni <1881-1956>.$0(OLS)http://semarc/subject/8249 850 $aSeMil 852 $aSeMil$W1$xVenegono$y1$m1O I 399$j244006$B113303$CSeMilBibl$Z2$F123948 $81 996 $6245$aGiovanni Papini :$bInterpretazioni del mio tempo 1.$9(OLS)http://semarc/title/145328 996 $6264$aFirenze :$bVallecchi$9(OLS)http://semarc/publisher/29768